Kázeň ktorú v Deň Úvodu Svojho Dňa 10. marca 1880 V Chráme Evanj. A.V. Trnoveckom

Bibliographic Details
Main Authors: Langhoffer, Karol (Author), Salva, Karol 1849-1913 (Author)
Format: Book
Language:Slovak
PhysicalDescription:7 strán 22 cm
Subjects:

MARC

LEADER 00000nam a2200000 4500
001 vtls008612087
003 SK-MaSNL
005 20260312095658.0
008 240318s1889 xo f slo
035 |a SAVUKc206358 
040 |a SNK  |b slo  |c SNK  |e rda 
041 1 |a slo 
044 |a xo  |c SK 
072 7 |a 27-46/-48   |x Pastorálna teológia   |2 konspekt 
072 7 |a 2   |x Náboženstvo  |2 konspekt 
080 |a 27-475.2   |2 2011 
080 |a 2-475.2   |2 2011 
100 1 |a Langhoffer, Karol  |4 aut  |9 304437 
245 1 0 |a Kázeň  |b ktorú v Deň Úvodu Svojho Dňa 10. marca 1880 V Chráme Evanj. A.V. Trnoveckom   |c Držal A Na Žiadosť Konventuálneho uzavretia Uverejnil Karol Lanhoffer, Ev. A. V. Farár 
264 3 |a V Ružomberku  |b Tlačou Kníhtlačiarne Karla Slavu  |c 1889 
300 |a 7 strán  |c 22 cm 
336 |a text  |b txt  |2 rdacontent 
337 |a bez média  |b n  |2 rdamedia 
338 |a zväzok  |b nc  |2 rdacarrier 
546 |a Slovenský text  |b Antikva 
561 |a Proveniencia: pečiatka na titulnom liste: Museálna Slovenská Spoločnosť.  |5 SNK SC 436/1 
610 2 7 |a Evanjelická cirkev a.v.  |2 SNKKA  |9 32425 
650 0 7 |a homiletika  |2 SNKPH  |9 1812 
655 7 |a príležitostné tlače  |2 SNKPH  |9 281484 
700 1 |a Salva, Karol  |d 1849-1913  |4 aut  |9 93017 
710 2 |a Muzeálna slovenská spoločnosť (Martin, Slovensko)  |4 fmo  |9 33033 
852 |a snk  |p SC 436/1 ; SC 436/1 D1 
958 |a ONDV 
958 |a DF 
999 |c 995656  |d 997586 
952 |a SNK  |b SNK  |c SNK_KF  |y PREZ  |7 8  |p 17A0714462  |o snkSC 436/1  |i snk1884/28  |0 0  |1 0  |4 0  |d 2025-05-28  |l 0  |r 2025-05-27 00:00:00  |w 2026-02-24 
952 |a SNK  |b SNK  |y PREZ  |7 0  |p 17A0748693  |o snkSC 436/1 D1  |i snkF 810/67  |8 5  |0 0  |1 0  |4 0  |d 2012-02-03  |l 0  |r 2026-02-24 12:02:49  |w 2026-02-24